Statistics for Macau : True or False

Click here to take the quiz!

General Stats

  • This quiz has been taken 6 times
  • The average score is 15 of 20

Answer Stats

QuestionAnswer% Correct
The leader of Macau is called Wong Lat SengFalse
100%
Macau is an independent country.False
100%
Macau has over 50 casinos.True
100%
Macau has a nickname: Asia’s Las Vegas.True
100%
Macau is mainly divided into two parts, which is the Macau peninsula and the Taipa island.False
83%
Macau is the one of the three places where casino gambling is legal in China.False
83%
The area of Macau is about 33 km2True
83%
Its flag consists of five yellow stars, a lotus flower and some lines meaning the bridges.True
83%
Macau gets access to YouTube, and many more other websites that China Internets do not allow.True
83%
The Macanese pataca (MOP) is the official currency of Macau.True
83%
Macau got its name from a misunderstanding by the Portuguese.True
83%
Like Zhuhai and Shenzhen, Macau is part of the Greater Bay Area in Guangdong, China.True
83%
The first Portuguese ship arrived in the Pearl River estuary near Macau in about 1200.False
67%
The common job in Macau in the old days is a sailor.False
67%
The most popular food in Macau is the pork bun.False
67%
China and Macau signed the Closer Economic Partnership Agreement.False
67%
It’s the most densely populated (highest population density) region on earth.True
67%
The official languages of Macau is Cantonese and Portuguese.False
50%
Macau Tower has the second highest bungee jump FROM A TOWER/ SKYSCRAPER in the world, which is followed by Sky Tower in New Zealand.False
50%
It is ruled by the Portuguese before 1997.False
33%

Score Distribution

Percentile by Number Answered

Percent of People with Each Score

Your Score History

You have not taken this quiz